Statistics for North America City Skyline Quiz :: 2

Click here to take the quiz!

General Stats

  • This quiz has been taken 32 times
  • The average score is 8 of 15

Answer Stats

Answer% Correct
Seattle
81%
Philadelphia
75%
Atlanta
63%
Dallas
63%
Quebec
63%
Charlotte
56%
Las Vegas
56%
St. Louis
56%
Baltimore
50%
Salt Lake City
50%
Austin
44%
Phoenix
44%
Tampa
38%
Sacramento
31%
New Orleans
25%

Score Distribution

Percentile by Number Answered

Percent of People with Each Score

Your Score History

You have not taken this quiz